|
|
|
|
| LEADER |
00000nam0a2200000 4500 |
| 001 |
261425 |
| 005 |
20231101233549.0 |
| 035 |
|
|
|a (RuTPU)RU\TPU\book\284405
|
| 090 |
|
|
|a 261425
|
| 100 |
|
|
|a 20140523d1960 k y0rusy50 ca
|
| 101 |
0 |
|
|a rus
|
| 102 |
|
|
|a BY
|
| 105 |
|
|
|a a z 101zy
|
| 200 |
1 |
|
|a Ферриты. Физические и физико-химические свойства
|e доклады 3 Всесоюзного совещания по физике, физико-химическим свойствам ферритов и физическим основам их применения
|f Академия наук СССР (АН СССР), Научный совет по магнетизму ; Академия наук Белорусской ССР (АН БССР), Отдел физики твердого тела ; отв. ред. Н. Н. Сирота
|
| 210 |
|
|
|a Минск
|c Изд-во АН БССР
|d 1960
|
| 215 |
|
|
|a 656 с.
|c ил.
|
| 320 |
|
|
|a Библиогр. в конце ст.
|
| 606 |
1 |
|
|a Ферриты
|x Физико-механические свойства
|2 stltpush
|3 (RuTPU)RU\TPU\subj\63595
|9 80583
|
| 610 |
1 |
|
|a электропроводность
|
| 610 |
1 |
|
|a термодинамические характеристики
|
| 610 |
1 |
|
|a магнитная анизотропия
|
| 610 |
1 |
|
|a монокристаллы
|
| 610 |
1 |
|
|a электросопротивление
|
| 610 |
1 |
|
|a поляризация
|
| 675 |
|
|
|a 621.318.13
|v 3
|
| 702 |
|
1 |
|a Сирота
|b Н. Н.
|4 340
|
| 712 |
0 |
2 |
|a Академия наук СССР (АН СССР)
|b Научный совет по магнетизму
|2 stltpush
|3 (RuTPU)RU\TPU\col\722
|
| 712 |
0 |
2 |
|a Академия наук Белорусской ССР (АН БССР)
|b Отдел физики твердого тела
|c (1936-1991)
|2 stltpush
|3 (RuTPU)RU\TPU\col\1973
|
| 712 |
1 |
2 |
|a Всесоюзное совещание по ферритам
|d 3
|e Минск
|f [1960]
|
| 801 |
|
1 |
|a RU
|b 63413507
|c 20140523
|
| 801 |
|
2 |
|a RU
|b 63413507
|c 20140605
|g RCR
|
| 942 |
|
|
|c BK
|